000 00639cam a22002173a 4500
001 39248
003 PGUSA
005 20140828083855.0
008 120324s2012||||xxu|||||s|||||000 | eng d
040 _aPGUSA
_beng
042 _adc
100 1 _aKellogg, Vernon L.
_q(Vernon Lyman),
_d1867-1937
245 1 0 _aNuova ;
_bor, The New Bee
_h[electronic resource] /
_cVernon L. Kellogg
260 _bProject Gutenberg,
_c2012
506 _aPublic domain in the USA.
516 _aElectronic text
700 1 _aWinter, Milo,
_d1888-1956
830 0 _aProject Gutenberg
_v39248
856 4 0 _uhttp://www.gutenberg.org/ebooks/39248
942 _cEB
999 _c268501
_d268501